| 000 | 00442nam a2200157 i 4500 | ||
|---|---|---|---|
| 001 | 86887 | ||
| 003 | ES-MaACL | ||
| 007 | t| | ||
| 008 | 041216s1911 fr ||||1| fre d | ||
| 100 | 1 |
_aKirmisson, E. _968135 |
|
| 245 | 1 | 0 |
_aPrécis de Chirurgie infantile / _cpar E. Kirmisson. |
| 250 | _a2ème ed. | ||
| 260 |
_aParis : _b[s.n., _c1911] ( _eCoulommiers : _fPaul Brodard) |
||
| 300 |
_aXVIII, 796 p. ; _c20 cm. |
||
| 852 |
_aES-MaACL _jB-9049 |
||
| 999 |
_c86887 _d86887 |
||